000 00327nam a2200133Ia 4500
008 190722s9999 xx 000 0 und d
020 _a978-93-325-5015-5
100 _aJay B.Barney
245 0 _aGaining Sustaining Competitive Advantage
250 _a4th
260 _aDelhi
_bPearson
_c2016
300 _a508
942 _cBK
999 _c1173
_d1173